Dis/abitato : poesie 1989-1994 /

সংরক্ষণ করুন:
গ্রন্থ-পঞ্জীর বিবরন
প্রধান লেখক: Pieroni, Andrea, (1967- ) (লেখক)
বিন্যাস: গ্রন্থ
ভাষা:ইতালিয়
প্রকাশিত: Pescara : Tracce, stampa 1995
মালা:Anamorfosi
ট্যাগগুলো: ট্যাগ যুক্ত করুন
কোনো ট্যাগ নেই, প্রথমজন হিসাবে ট্যাগ করুন!

MARC

LEADER 00000nam a22000007i 4500
001 IT\ICCU\CFI\0423466
003 ItRI
005 20260115232233.0
008 990511s1995 it |||||| ||||| |||||c
040 |b ita  |c importazione bologna sebina 
041 7 |a ita  |2 ISO-639-2 
082 |a 851.914  |9 POESIA ITALIANA. 1945-  |2 20 
100 1 |a Pieroni, Andrea,  |d  (1967- )  |0 IT\ICCU\CFIV\172973  |4 aut 
245 1 0 |a Dis/abitato :  |b poesie 1989-1994 /  |c Andrea Pieroni. 
246 1 3 |a Disabitato  |9 IT\ICCU\BVE\0848659 
260 |a Pescara :  |b Tracce,  |c stampa 1995 
300 |a 68 p. ;  |c 21 cm. 
830 0 |a Anamorfosi  |0 IT\ICCU\AQ1\0002419 
942 |2 ddc  |c BK  |n 0 
952 |0 0  |1 0  |4 0  |6 DOC_851_914000000000000_PIE  |7 0  |9 22595  |a BO  |b BO  |d 2026-01-15  |i 3529  |l 0  |o DOC 851.914 PIE  |p BO3529  |r 2026-01-15 23:22:33  |w 2026-01-15  |x [Sebina 5] [1 v.]  |y BK  |z 1 v. 
999 |c 19294  |d 19294